书目信息 |
| 题名: |
处在十字路口的选择
|
|
| 作者: | 沈志华 著 | |
| 分册: | ||
| 出版信息: | 广州 广东人民出版社 2013 |
|
| 页数: | 12,434页 | |
| 开本: | 23cm | |
| 丛书名: | ||
| 单 册: | ||
| 中图分类: | K270.5 | |
| 科图分类: | ||
| 主题词: | 现代史 , 中国历史 , 中国历史--现代史--研究--1956-1957 | |
| 电子资源: | ||
| ISBN: | 978-7-218-08481-7 | |
| 000 | 01112nam0 2200313 450 | |
| 001 | 0100140410 | |
| 005 | 20141020221107.0 | |
| 010 | @a978-7-218-08481-7@dCNY58.00 | |
| 100 | @a20130411d2013 em y0chiy50 ea | |
| 101 | 0 | @achi |
| 101 | 11 | @achi |
| 102 | @aCN@b440000 | |
| 105 | @aa z 000yy | |
| 106 | @ar | |
| 200 | 1 | @a处在十字路口的选择@b专著@e1956-1957年的中国@f沈志华著@FShen Zhi Hua@AChu Zai Shi Zi Lu Kou De Xuan Ze |
| 210 | @a广州@c广东人民出版社@d2013 | |
| 215 | @a12,434页@c照片@d23cm | |
| 300 | @a汉唐阳光 近代史研究经典 | |
| 330 | @a本书用最新解密的苏联档案解读中国现当代重大历史事件,内容包括非斯大林化:苏共二十大及中共的反应;反冒进:中共关于经济建设方针争论;中共八大:为什么不提“毛泽东思想”;周恩来穿梭外交:中国开始介入东欧事务;“开门整风”:毛泽东决心整顿共产党等。 | |
| 517 | 1 | @a1956-1957年的中国 |
| 540 | @a处在十字路口的选择 | |
| 606 | 0 | @a现代史 |
| 606 | 0 | @a中国历史 |
| 606 | 0 | @a中国历史@x现代史@x研究@z1956-1957 |
| 690 | @aK270.5@v5 | |
| 701 | 0 | @a沈志华@4著@AShen Zhi Hua |
| 801 | @aCN | |
| 901 | @a001 | |
| 905 | @b1103008-10@dK270.5@eS452@f3@a241430 | |
| 处在十字路口的选择:1956-1957年的中国/沈志华著.-广州:广东人民出版社,2013 |
| 12,434页:照片;23cm |
| 汉唐阳光 近代史研究经典 |
| ISBN 978-7-218-08481-7:CNY58.00 |
| 本书用最新解密的苏联档案解读中国现当代重大历史事件,内容包括非斯大林化:苏共二十大及中共的反应;反冒进:中共关于经济建设方针争论;中共八大:为什么不提“毛泽东思想”;周恩来穿梭外交:中国开始介入东欧事务;“开门整风”:毛泽东决心整顿共产党等。 |
| ● |
| 相关链接 |
|
|
|
正题名:处在十字路口的选择
索取号:K270.5/S452
 
预约/预借
| 序号 | 登录号 | 条形码 | 馆藏地/架位号 | 状态 | 备注 |
| 1 | 1103008 | 211030089 | 社科库309/309社科库 37排4列5层/ [索取号:K270.5/S452] | 在馆 | |
| 2 | 1103009 | 211030098 | 社科库309/309社科库 37排4列5层/ [索取号:K270.5/S452] | 在馆 | |
| 3 | 1103010 | 211030105 | 社科库309/309社科库 37排4列5层/ [索取号:K270.5/S452] | 在馆 |